000 00536nam a2200217Ia 4500
003 OSt
005 20220928143050.0
006 a|||||r|||| 00| 0
007 ta
008 220927b |||||||| |||| 00| 0 eng d
024 _a20891
037 _cTextual
040 _aSDCL
_cSDCL
_beng
041 _2eng
_aeng
082 _aO168,1N57x, N4
100 _aManjhi Devendra
_9504479
245 0 _aHadassa hu main.
260 _c1994
942 _hO168,1N57x, N4
_cTEXL
_2CC
999 _c822981
_d822981